[Event "ECF National club Open"]
[Site "Kingston-upon-Hull, ENG"]
[Date "2023.10.22"]
[Round "4.21"]
[White "Ashton, Adam G"]
[Black "Sterck, Arno"]
[Result "1/2-1/2"]
[WhiteElo "2339"]
[BlackElo "2264"]
[PlyCount "95"]
[EventDate "2023.10.22"]
[WhiteTeam "3Cs"]
[BlackTeam "Heffalump Hunters"]

1. e4 e5 2. Nf3 Nc6 3. Bb5 a6 4. Ba4 Bc5 5. c3 Nge7 6. O-O Ba7 7. d4 Ng6 8. Bg5
f6 9. Be3 O-O 10. Re1 d6 11. h3 Kh8 12. Nbd2 Bd7 13. Nf1 Qe8 14. Bc2 Nd8 15. d5
Bxe3 16. Nxe3 Nf4 17. Kh2 Nf7 18. Ng1 Nh6 19. g3 Ng6 20. Qh5 Ne7 21. Qxe8 Raxe8
22. Rad1 f5 23. exf5 Nhxf5 24. Kg2 Nxe3+ 25. Rxe3 Rf6 26. Rd2 c6 27. c4 cxd5
28. cxd5 Rc8 29. Be4 Rc5 30. Ne2 Rf8 31. f4 Nf5 32. Bxf5 Rxf5 33. fxe5 Rxe5 34.
Rxe5 dxe5 35. Kf3 Kg8 36. Ke4 Bxh3 37. Kxe5 Kf7 38. Nd4 Bg4 39. Kd6 Rc8 40.
Rf2+ Ke8 41. Ne6 Bxe6 42. Kxe6 Rc1 43. Kd6 Rc4 44. Re2+ Kd8 45. Rf2 Ke8 46.
Re2+ Kd8 47. Rf2 Ke8 48. Re2+ 1/2-1/2

[Event "ECF National club Open"]
[Site "Kingston-upon-Hull, ENG"]
[Date "2023.10.22"]
[Round "4.22"]
[White "Dunn, Maxim"]
[Black "Longson, Alexander"]
[Result "0-1"]
[WhiteElo "2042"]
[BlackElo "2241"]
[PlyCount "66"]
[EventDate "2023.10.22"]
[WhiteTeam "Heffalump Hunters"]
[BlackTeam "3Cs"]

1. e4 e5 2. Nf3 Nc6 3. Bc4 Nf6 4. Ng5 d5 5. exd5 Na5 6. Bb5+ c6 7. dxc6 bxc6 8.
Bd3 Nd5 9. Nf3 Bd6 10. O-O O-O 11. Re1 f5 12. Nxe5 Qf6 13. Nf3 g5 14. c4 Nf4
15. Bf1 g4 16. d4 gxf3 17. Qxf3 Ne6 18. Qc3 Nb7 19. c5 Bc7 20. b4 Nbd8 21. Bb2
Nf4 22. b5 Be6 23. Nd2 Bd5 24. Re3 cxb5 25. Nf3 Rb8 26. Ne5 Bxe5 27. Rxe5 Nde6
28. Bc1 Rbd8 29. a4 b4 30. Qxb4 Nh3+ 31. Kh1 Nxf2+ 32. Kg1 Ng4 33. Ra3 Qh4 0-1

[Event "ECF National club Open"]
[Site "Kingston-upon-Hull, ENG"]
[Date "2023.10.22"]
[Round "4.23"]
[White "Bentley, John L"]
[Black "Green, Michael"]
[Result "1/2-1/2"]
[WhiteElo "2105"]
[BlackElo "2017"]
[PlyCount "23"]
[EventDate "2023.10.22"]
[WhiteTeam "3Cs"]
[BlackTeam "Heffalump Hunters"]

1. d4 Nf6 2. c4 c5 3. d5 e6 4. Nc3 exd5 5. cxd5 d6 6. e4 g6 7. f3 Bg7 8. Nge2
h5 9. Bf4 O-O 10. Qd2 a6 11. a4 Re8 12. Nc1 1/2-1/2

[Event "ECF National club Open"]
[Site "Kingston-upon-Hull, ENG"]
[Date "2023.10.22"]
[Round "4.24"]
[White "Vanden Bussche, Steven"]
[Black "Walton, Alan J"]
[Result "1/2-1/2"]
[WhiteElo "2081"]
[BlackElo "2114"]
[PlyCount "93"]
[EventDate "2023.10.22"]
[WhiteTeam "Heffalump Hunters"]
[BlackTeam "3Cs"]

1. d4 e6 2. Bf4 f5 3. e3 Nf6 4. Nf3 Be7 5. h3 b6 6. Be2 Bb7 7. O-O O-O 8. c4 h6
9. Bh2 d6 10. Nc3 Ne4 11. Rc1 Nd7 12. Nd2 Nxd2 13. Qxd2 Qe8 14. b4 e5 15. dxe5
Nxe5 16. Nd5 Bd8 17. c5 c6 18. Nf4 d5 19. Nd3 Nc4 20. Qc2 Bg5 21. Nb2 Nxb2 22.
Qxb2 f4 23. exf4 Bxf4 24. Rce1 Qb8 25. Bxf4 Qxf4 26. Bh5 Bc8 27. Re5 Bf5 28.
Rfe1 bxc5 29. Re7 Qd4 30. Qxd4 cxd4 31. Rc7 Rfc8 32. Ree7 Rxc7 33. Rxc7 Rc8 34.
Rxa7 d3 35. Kf1 g6 36. Bd1 Re8 37. Ra3 d4 38. g4 d2 39. gxf5 Re1+ 40. Kg2 Rxd1
41. Rd3 Rb1 42. Rxd2 Rxb4 43. fxg6 Kg7 44. Kf3 Kxg6 45. Ke4 Ra4 46. Rc2 c5 47.
Rxc5 1/2-1/2

[Event "ECF National club Open"]
[Site "Kingston-upon-Hull, ENG"]
[Date "2023.10.22"]
[Round "5.11"]
[White "Sterck, Arno"]
[Black "Ashton, Adam G"]
[Result "0-1"]
[WhiteElo "2264"]
[BlackElo "2339"]
[PlyCount "98"]
[EventDate "2023.10.22"]
[WhiteTeam "Heffalump Hunters"]
[BlackTeam "3Cs"]

1. Nf3 d5 2. e3 Nf6 3. b3 Bg4 4. Bb2 Nbd7 5. d4 e6 6. Nbd2 Be7 7. Bd3 c5 8. O-O
O-O 9. Qe1 Rc8 10. Ne5 Nxe5 11. dxe5 Nd7 12. h3 Bh5 13. e4 Qb6 14. c4 Bg6 15.
Qe2 dxe4 16. Nxe4 Rcd8 17. Rad1 Nb8 18. Nf6+ gxf6 19. exf6 Bd6 20. h4 Bxd3 21.
Rxd3 Kh8 22. Rfd1 Rg8 23. Qh5 Qc7 24. Bc1 Nc6 25. Bh6 Bf8 26. Rxd8 Nxd8 27.
Bxf8 Rxf8 28. Rd3 Rg8 29. Qd1 Nc6 30. Rd7 Qf4 31. Rxf7 Ne5 32. Rxh7+ Kxh7 33.
Qh5+ Qh6 34. Qxe5 Qg6 35. g3 Rf8 36. Qxc5 Qxf6 37. Qxa7 Rf7 38. Qe3 Qf3 39. Qd4
e5 40. Qd2 e4 41. c5 e3 42. Qxe3 Qxe3 43. fxe3 Rf3 44. Kg2 Rxe3 45. b4 Ra3 46.
b5 Rxa2+ 47. Kf3 Rc2 48. c6 bxc6 49. bxc6 Rxc6 0-1

[Event "ECF National club Open"]
[Site "Kingston-upon-Hull, ENG"]
[Date "2023.10.22"]
[Round "5.12"]
[White "Longson, Alexander"]
[Black "Vanden Bussche, Steven"]
[Result "0-1"]
[WhiteElo "2241"]
[BlackElo "2081"]
[PlyCount "133"]
[EventDate "2023.10.22"]
[WhiteTeam "3Cs"]
[BlackTeam "Heffalump Hunters"]

1. e4 c6 2. d4 d5 3. exd5 cxd5 4. Bd3 Nc6 5. c3 Nf6 6. Bf4 Bg4 7. Qb3 Qc8 8.
Nd2 e6 9. Ngf3 Be7 10. O-O O-O 11. Rae1 Bh5 12. Qc2 b5 13. Bxb5 Nb4 14. Qa4 a6
15. Be2 Bxf3 16. Nxf3 Nc6 17. Bd3 Qb7 18. Qb3 Qa7 19. Qd1 Qb6 20. Qe2 Rfd8 21.
Rb1 Bd6 22. Bxd6 Rxd6 23. Ne5 Ne7 24. g4 Nd7 25. f4 Nf8 26. Kh1 f6 27. Nf3 Neg6
28. Qd2 Re8 29. Rbe1 Rb8 30. Rf2 Qc7 31. f5 Nh8 32. Rfe2 Rbb6 33. b3 Nf7 34.
Kg1 Qb7 35. Qf4 Qa7 36. Kf1 exf5 37. gxf5 Rb8 38. c4 Rd7 39. c5 Nd8 40. Re8 Nc6
41. Rxb8 Nxb8 42. b4 Nc6 43. a3 Re7 44. Rxe7 Nxe7 45. Qd6 Kf7 46. a4 g6 47.
Qxa6 Qb8 48. Qd6 Qxb4 49. Kf2 Qxa4 50. h4 Qa2+ 51. Kg3 Qb3 52. fxg6+ hxg6 53.
Qa6 Ne6 54. Qb5 Qxb5 55. Bxb5 Nf5+ 56. Kg4 Nfxd4 57. Nxd4 Nxd4 58. Bd3 Nc6 59.
Kf4 Ne5 60. Be2 Ke7 61. Ke3 Kd7 62. Kd4 Ke6 63. h5 gxh5 64. Bxh5 Nc6+ 65. Ke3
Ke5 66. Be8 Nb4 67. c6 0-1

[Event "ECF National club Open"]
[Site "Kingston-upon-Hull, ENG"]
[Date "2023.10.22"]
[Round "5.13"]
[White "Dunn, Maxim"]
[Black "Bentley, John L"]
[Result "1/2-1/2"]
[WhiteElo "2042"]
[BlackElo "2105"]
[PlyCount "75"]
[EventDate "2023.10.22"]
[WhiteTeam "Heffalump Hunters"]
[BlackTeam "3Cs"]

1. e4 c5 2. Nf3 Nc6 3. d4 cxd4 4. Nxd4 g6 5. c4 Bg7 6. Be3 Nf6 7. Nc3 Ng4 8.
Qxg4 Nxd4 9. Qd1 e5 10. Bd3 O-O 11. O-O d6 12. a4 a6 13. b3 Qh4 14. Re1 f5 15.
exf5 Nxf5 16. Bxf5 gxf5 17. f3 Rf6 18. Ra2 Rg6 19. g3 Qf6 20. Nd5 Qf7 21. Kh1
Be6 22. Rd2 Rd8 23. Nb6 Bf8 24. f4 Re8 25. Nd5 Bxd5+ 26. Rxd5 exf4 27. Bxf4
Rxe1+ 28. Qxe1 Re6 29. Qf2 Qh5 30. Rd2 Bg7 31. Kg2 Bc3 32. Rc2 Qd1 33. Bc1 Qd3
34. Ra2 Qe4+ 35. Qf3 Qb1 36. Rf2 Qxc1 37. Qxf5 Qh6 38. Qf7+ 1/2-1/2

[Event "ECF National club Open"]
[Site "Kingston-upon-Hull, ENG"]
[Date "2023.10.22"]
[Round "5.14"]
[White "Walton, Alan J"]
[Black "Green, Michael"]
[Result "1/2-1/2"]
[WhiteElo "2114"]
[BlackElo "2017"]
[PlyCount "57"]
[EventDate "2023.10.22"]
[WhiteTeam "3Cs"]
[BlackTeam "Heffalump Hunters"]

1. d4 Nf6 2. Bg5 c5 3. d5 g6 4. Nc3 Bg7 5. e4 d6 6. h3 h6 7. Be3 O-O 8. Qd2 Kh7
9. Nf3 a6 10. a4 Qa5 11. Nd1 Qc7 12. Nc3 Qa5 13. Nd1 Qc7 14. Nc3 e5 15. Be2 b6
16. O-O Ng8 17. Nh2 Nd7 18. f4 exf4 19. Bxf4 Ne5 20. Nf3 Nxf3+ 21. Rxf3 Rb8 22.
Raf1 Qe7 23. Bd3 Nf6 24. Qe2 Ra8 25. e5 dxe5 26. Bxe5 Ng8 27. Bxg7 Kxg7 28. Qf2
Ra7 29. Ne4 1/2-1/2

[Event "ECF National club Open"]
[Site "Kingston-upon-Hull, ENG"]
[Date "2023.10.22"]
[Round "5.22"]
[White "Larchikov, Maksym"]
[Black "Rocco, Federico"]
[Result "1/2-1/2"]
[WhiteElo "2072"]
[BlackElo "2184"]
[PlyCount "45"]
[EventDate "2023.10.22"]
[WhiteTeam "Hull Chess Club 1"]
[BlackTeam "Warwick University"]

1. d4 Nf6 2. c4 e6 3. Nf3 b6 4. Nc3 Bb7 5. Bg5 Bb4 6. e3 h6 7. Bh4 g5 8. Bg3
Ne4 9. Qc2 h5 10. Bd3 f5 11. d5 Nxg3 12. hxg3 Qf6 13. e4 Na6 14. e5 Qg7 15.
O-O-O O-O-O 16. a3 g4 17. axb4 Nxb4 18. Qa4 Nxd3+ 19. Rxd3 gxf3 20. gxf3 h4 21.
f4 hxg3 22. Rxh8 Rxh8 23. fxg3 1/2-1/2

[Event "ECF National club Open"]
[Site "Kingston-upon-Hull, ENG"]
[Date "2023.10.22"]
[Round "5.23"]
[White "Magzumov, Damirali"]
[Black "Varley, Joe"]
[Result "1-0"]
[WhiteElo "1539"]
[BlackElo "2125"]
[PlyCount "39"]
[EventDate "2023.10.22"]
[WhiteTeam "Warwick University"]
[BlackTeam "Hull Chess Club 1"]

1. e4 e5 2. Nf3 Nc6 3. Bb5 a6 4. Ba4 Nf6 5. O-O Be7 6. Re1 b5 7. Bb3 d6 8. c3
O-O 9. d4 Bb7 10. Nbd2 Re8 11. Nf1 Bf8 12. Ng3 g6 13. Bg5 Bg7 14. Qc1 Nb8 15.
Bh6 Bh8 16. dxe5 dxe5 17. Rd1 Nbd7 18. Ng5 Re7 19. Nf5 gxf5 20. Nxf7 1-0